000
00334nam a2200133Ia 4500
008
240624s9999 xx 000 0 und d
041
_a
eng
082
_a
332.1 PEN
100
_a
PENZA PIETRO
245
_a
MEASURING MARKET RISK WITH VALUE AT RISK
260
_c
2001
_a
New York
_b
Wiley
300
_a
xiii,302p. ; 23cm.
365
_c
_b
27
999
_c
20701
_d
20701